A modified solar-cum smoke dryer for sheet rubber (Record no. 52726)

MARC details
000 -LEADER
fixed length control field 00660nam a2200169Ia 4500
100 ## - MAIN ENTRY--AUTHOR NAME
Personal name Nair N.R.
245 #2 - TITLE STATEMENT
Title A modified solar-cum smoke dryer for sheet rubber
260 ## - PUBLICATION, DISTRIBUTION, ETC. (IMPRINT)
Name of publisher Placrosym XI, 1994, Calicut, India. Journal of Plantation Crops 24(Supplement)(Eds. K.V. Peter, Y.R. Sarma, V. Rajagopal, K.V. Ramana, S. Devasahayam and K.S. Krishnamurthy). Indian Society for Plantation Crops, Kasaragod, India, pp. 733-737.
Year of publication 1996
650 ## - SUBJECT ADDED ENTRY--TOPICAL TERM
Topical Term Drying equipment
650 ## - SUBJECT ADDED ENTRY--TOPICAL TERM
Topical Term Firewood backup
650 ## - SUBJECT ADDED ENTRY--TOPICAL TERM
Topical Term Sheet rubber
650 ## - SUBJECT ADDED ENTRY--TOPICAL TERM
Topical Term Solar energy
700 ## - ADDED ENTRY--PERSONAL NAME
Personal name Mathew N.M.
700 ## - ADDED ENTRY--PERSONAL NAME
Personal name Scheb R.
942 ## - ADDED ENTRY ELEMENTS (KOHA)
Koha item type Bibliography STAF
Holdings
Withdrawn status Lost status Damaged status Not for loan Home library Current library Date acquired Koha item type
      Bibliography RRII Library RRII Library 09/04/2014 Bibliography STAF